00752nam a22002057a 4500999001900000005001700019010001300036020002600049035001300075037000900088082001100097100002200108245009400130260002800224270003300252300003700285500005000322942002500372952014900397 c179260d17926020210603153952.0 aB-739968 a9780415308502c325.00 aB-739968 bGift a305.42 aPollock, Griselda aVision and difference:bfemininity, feminism, and histories of art /cby Griselda Pollock aLondonbRoutledgec2006 a11 New Fetter Lane, bLondon axxxviii, 320p.:bill.c20cm(pbk) aincludes bibliographical references and index 2ddccENh305.42mPOL 001040708NFICaAVbAVd2021-06-03eGift/Eng/03-05-2021g325.00l0o305.42 POLpB-739968r2021-06-03 00:00:00t1v325.00w2021-06-03yENzGift